(15) - 50 villes les plus peuplées du cantal (15) - Statistiques

Statistiques générales
  • Ce quiz a été pris 21 fois
  • Le résultat moyen est 17 sur 50
Statistiques - réponses
nombre d'habitant ville % Correct
26 214 Aurillac
94%
6 391 Saint-Flour
94%
3 449 Mauriac
83%
1 905 Vic-sur-Cère
72%
6 361 Arpajon-sur-Cère
67%
1 796 Massiac
67%
2 174 Maurs
61%
2 405 Riom-ès-Montagnes
61%
1 770 Murat
50%
2 181 Naucelles
50%
1 641 Ydes
50%
4 339 Ytrac
50%
2 040 Jussac
44%
1 470 Pleaux
44%
1 527 Saint-Mamet-la-Salvetat
39%
813 Chaudes-Aigues
33%
842 Montsalvy
33%
1 395 Sansac-de-Marmiesse
33%
785 Laroquebrou
28%
667 Marmanhac
28%
868 Pierrefort
28%
1 197 Polminhac
28%
1 090 Reilhac
28%
1 101 Roannes-Saint-Mary
28%
1 039 Saint-Cernin
28%
1 542 Saint-Paul-des-Landes
28%
1 159 Saint-Simon
28%
1 325 Vézac
28%
727 Anglards-de-Salers
22%
665 Boisset
22%
872 Crandelles
22%
728 Giou-de-Mamou
22%
1 297 Le Rouget-Pers
22%
835 Saignes
22%
1 171 Saint-Georges
22%
656 Saint-Illide
22%
716 Saint-Martin-Valmeroux
22%
773 Allanche
17%
933 Condat
17%
1 351 Lanobre
17%
787 Le Vigean
17%
824 Neussargues-Moissac
17%
683 Prunet
17%
763 Saint-Étienne-de-Maurs
17%
1 032 Champs-sur-Tarentaine-Marchal
11%
1 677 Neuvéglise-sur-Truyère
11%
1 020 Champagnac
6%
717 Puycapel
6%
719 Ruynes-en-Margeride
6%
922 Val d'Arcomie
6%
Aucun quiz correspondant
Distribution des résultats
% des personnes avec chaque résultat
Percentile par nombre de réponses
Votre historique - résultats
Vous n’avez pas pris ce quiz